000 00783nam a2200265Ia 4500
008 160319s9999 xx 000 0 und d
020 _a971-27-1211-7
050 _aFIL KPM 3745
050 _b.L67 2003
100 _aLopez, Jim V.
245 _aJudgement proof :
245 _bhow to protect your property and business from lawsuits /
245 _cJim V. Lopez.
260 _aPasig City:
260 _bAnvil Pub. Inc.,
260 _c2003
300 _a322 pages :
300 _billustrations ;
300 _c22 cm.
650 _aDebtor and creditor -- Philippines.
650 _aExecutions (Law) -- Philippines.
650 _aPossession (Law) -- Philippines.
650 _xEstate planning -- Philippines.
650 _xProperty -- Protection -- Philippines.
999 _c291556
_d291556